000 00965cab a2200253 4500
001 WB3512-28
008 090401t1999 xxu||||| |||| 00| 0 eng d
035 _a(Sirsi) u92298
041 _aeng
245 _aLand measures approved
260 _c1999
350 _a0
490 _aWeekend Financial Times
_v20/21 March 1999, 2(1)
520 _aThailand's Senate has approved changes to property laws which will allow foreign investors to own land in the country for the first time. Other measures include increasing the land lease period to 50 years and allowing leases to be used as loan collateral - measures which will make leasing commercial and industrial property more attractive for investors.
650 _aFOREIGN INVESTORS
650 _aLEASING
650 _aPROPERTY INVESTMENT
650 _aPROPERTY LAWS
650 _aPROPERTY MARKET
650 _aTHAILAND
690 _aOVERSEAS-REST OF THE WORLD
942 _n0
948 _c23/03/1999
999 _c58524
_d58524